Дело о последовавшем высочайшем разрешении на предоставление в распоряжение директора императорских театров нижней, с левой стор...

Доступно только в Электронных читальных залах Найти на картеНа карте
RUSMARC
00004009nmc2a22002413x 450
0011f365150-b331-445e-8461-74a2f6a87cc5
00520200913042600.0
100##$a20200310l19101910k l0rusy0189 ca
1010#$arus
102##$aRU
105##$ay###
1222#$ad
2001#$aДело о последовавшем высочайшем разрешении на предоставление в распоряжение директора императорских театров нижней, с левой стороны, ложи в Михайловском театре, которой пользовались августейшие владельцы Михайловского дворца с тем, чтобы ложа первого яруса, находящаяся в пользовании директора, в целях увеличения походности театра, была обращена в продажу на общем основании с разделением этой ложи на две
$j21-26 января 1910 г.
215##$a5 л.
$d36,5х26 см
251##$cДело
300##$aНа бланке обложки указано: "Дело Санкт-Петербургской конторы императорских театров"
371##$aДокумент не является опубликованным и широко распространяемым
461#0$10019264ebf8-de62-4f1a-9eb4-9f22098dbbd5
$12001
$aДирекция императорских театров МИДв
$1251
$cФонд
$1852
$j497
462#0$10016d2858c7-947f-46a8-934e-c3d97596ebca
$12001
$aДирекция императорских театров (1879-1918 гг.)
$1251
$cОпись
$1852
$j6
801#0$aRU
$bРГИА
$c20200310
$gRCR
801#1$aRU
$bГлавНИВЦ
$c20200310
$2rusmarc
801#2$aRU
$bПБ им. Б.Н. Ельцина
$c20200913
$gRCR
$2rusmarc
850##$aРГИА
852##$aРГИА
$eФедеральное казенное учреждение "Российский государственный исторический архив" (РГИА)
$j4954
937##$hРГИА
$d12340025
$aASBIBLIO_SCAN
035##$aRusGRCC00001083
856##$uhttp://readingroom.main.prlib.ru/item.aspx?id_node=n147284879&mode=full
Формат отображения